La cadena de suministro
Uloženo v:
| Hlavní autor: | |
|---|---|
| Médium: | Kniha |
| Jazyk: | španělština |
| Vydáno: |
Cuernavaca
Alfaomega
2012
|
| Vydání: | 2a. ed |
| Témata: | |
| Tagy: |
Přidat tag
Žádné tagy, Buďte první, kdo vytvoří štítek k tomuto záznamu!
|
MARC
| LEADER | 00000cam a2200000 a 4500 | ||
|---|---|---|---|
| 001 | UCF4331 | ||
| 003 | CL-VaPUC | ||
| 008 | 121130e20120600MX |||||||||||||||||spa|d | ||
| 020 | |a 9786077073468 | ||
| 082 | 0 | 4 | |a 658.54 |b SAB |2 21 |
| 100 | 0 | |a Sabrià, Federico |e author |9 565837 | |
| 245 | 1 | 3 | |a La cadena de suministro |
| 250 | |a 2a. ed | ||
| 300 | |a 206 p | ||
| 942 | |c BK | ||
| 945 | |d 20121130 00:00:00 |a dcastane | ||
| 260 | |a Cuernavaca |b Alfaomega |c 2012 | ||
| 650 | 0 | |a Producción |x Planificación |9 260672 | |
| 650 | 0 | |a Planificación estratégica |9 259735 | |
| 650 | 0 | |a Cadena de suministro |9 554744 | |
| 650 | 0 | |a Control de calidad |9 259714 | |
| 583 | |a last modification |c 20181213 01:58:12 |k Rodrigo Vera | ||
| 999 | |c 350138 |d 350136 | ||
| 952 | |0 0 |1 0 |4 0 |6 658_540000000000000_SAB_2012 |7 0 |8 A |9 453329 |a BIBING |b BIBING |d 2019-11-22 |i 4930967 |o 658.54 SAB 2012 |p 4930967 |r 2025-01-20 |w 2019-11-22 |y BK |k TRA | ||
| 952 | |0 0 |1 0 |3 erb |4 0 |6 658_540000000000000_SAB_2012 |7 0 |8 A |9 453330 |a BIBING |b BIBING |i 552346K |o 658.54 SAB 2012 |p 552346K |r 2025-01-20 |w 2019-11-22 |y BK |z Catalogado en:20181213 |k TRA | ||